Prestížna cena na obzore Academia Istropolitana - Bratislava v užšom výbere

Podrobná bibliografia
Hlavný autor: Polák, Martin (Autor)
Médium: Článok
Jazyk:slovenčina
Predmet:

MARC

LEADER 00000nab a2200000 a 4500
001 vtls000539549
003 SK-MaSNL
005 20260305014454.0
008 120928c1995 xo 0 slo
015 |a SNBRB19rr/mm-uuuuu 
035 |a CL0539687 
040 |a SNKBUCL  |b slo  |c SNKBUCL  |e AACR2 
041 0 |a slo 
044 |a xo  |c SK 
080 |a 378.6(437.6):374.71  |2 1981 
080 |a 374.71  |2 1981 
100 1 |a Polák, Martin  |4 aut  |9 419214 
245 1 0 |a Prestížna cena na obzore  |b Academia Istropolitana - Bratislava v užšom výbere  |c Martin Polák 
610 2 7 |a Academia Istropolitana  |2 snkbucl  |9 34588 
651 7 |a 5100  |2 snkbucl  |9 166206 
655 7 |a články z novín a časopisov  |2 snkbucl  |9 267496 
773 0 |t Slovenská republika  |g Roč. 2, č. 9 (12. 1. 1995), s. 5 
850 |a Slovenská národná knižnica v Martine  |a MTA001 
852 |a SNK  |b KIS3GCP 
958 |a RK 
992 |a RBX 
999 |c 3269812  |d 3271742